Las uvas y el viento

Збережено в:
Бібліографічні деталі
Автор: Neruda, Pablo (autor)
Формат: Книга
Мова:Іспанська
Опубліковано: Barcelona Seix Barral 1981
Редагування:2a. ed
Серія:Biblioteca breve. Poesía, 405
Предмети:
Теги: Додати тег
Немає тегів, Будьте першим, хто поставить тег для цього запису!

MARC

LEADER 00000nam a2200000 a 4500
001 UCQ2229
003 CL-VaPUC
008 980724e19810000SP |||||||||||||||||spa|d
082 0 4 |a Ch861  |b NER  |2 21 
100 |a Neruda, Pablo  |e autor  |9 306531 
245 1 4 |a Las uvas y el viento 
250 |a 2a. ed 
300 |a 370 p 
942 |c BK 
945 |d 19980724 00:00:00  |a lriquelm 
260 |a Barcelona  |b Seix Barral  |c 1981 
650 0 |a Poesías chilenas   |9 265280 
650 0 |a Prosa chilena   |9 267787 
650 0 |a Literatura chilena   |9 308278 
650 0 |a Formas y géneros literarios  |9 324031 
583 |a last modification  |c 19980724 00:00:00  |k Rodrigo Vera 
490 0 |a Biblioteca breve. Poesía, 405 
999 |c 273067  |d 273065 
952 |0 0  |1 0  |4 0  |6 CH_861_000000000000000_NER_1981  |7 0  |8 A  |9 308346  |a BIBEDU  |b BIBEDU  |d 2019-11-20  |i 1443445  |o Ch861 NER 1981  |p 1443445  |r 2019-11-20  |w 2019-11-20  |y BK  |k LIT